000 00594cam a22002291 4500
001 sa 65004795
003 DLC
005 20260227112133.0
008 850819s1964 io 000 0 und
010 _asa 65004795
025 _aPL480:Indo-1472
035 _a(OCoLC)12400248
040 _aDLC
_cKyU
_dDLC
042 _apremarc
050 0 0 _aJC433
_b.D47 1964
100 1 _aDewantara, Hadjar,
_d1889-1959.
245 1 0 _aDemokrasi dan leiderschap.
250 _aTjet. 3.
260 _aJogjakarta,
_bMadjelis Luhur Taman Siswa,
_c1964.
300 _a20 p.
_c22 cm.
650 0 _aDemocracy.
999 _c63957
_d63957